Statistics for Ultimate Sci-Fi Character Quiz

Click here to take the quiz!

General Stats

  • This quiz has been taken 3 times
    (2 since last reset)
  • The average score is 16 of 63

Answer Stats

Answer% Correct
Daniel Jackson
100%
Gordon Malloy
100%
Jack O'Neill
100%
John LaMarr
100%
Kathryn Janeway
100%
B'Elanna Torres
50%
Borg Queen
50%
Bortus
50%
Chakotay
50%
Charly Burke
50%
Claire Finn
50%
Ed Mercer
50%
Harry Kim
50%
Isaac
50%
Kelly Grayson
50%
Kes
50%
Lt. Dann
50%
Marcus Finn
50%
Neelix
50%
Q
50%
Samantha Carter
50%
Seven of Nine
50%
Teal'c
50%
The Doctor / EMH
50%
Tom Paris
50%
Tuvok
50%
Yaphit
50%
Admiral Halsey
0%
Admiral Paris
0%
Admiral Perry
0%
Alara Kitan
0%
Anubis
0%
Apophis
0%
Ba'al
0%
Bra'tac
0%
Cameron Mitchell
0%
Charles Kawalsky
0%
Darulio
0%
General Hammond
0%
Hank Landry
0%
Harry Maybourne
0%
Icheb
0%
Janet Fraiser
0%
Jonas Quinn
0%
Kaylon Primary
0%
Klyden
0%
Naomi Wildman
0%
Reginald Barclay
0%
Rya'c
0%
Samantha Wildman
0%
Seska
0%
Sha'uri
0%
Skaara
0%
Talla Keyali
0%
Teleya
0%
The Champion
0%
Thor
0%
Topa
0%
Tuvix
0%
Ty Finn
0%
Vala Mal Doran
0%
Vorik
0%
Walter Harriman
0%

Score Distribution

Percentile by Number Answered

Percent of People with Each Score

Your Score History

You have not taken this quiz since the last reset